Využitie rastlinných polyfenolov v kozmetických emulziách

Na minha lista:
Detalhes bibliográficos
Autor principal: Jovankovič, Jana (Author)
Outros Autores: Hojerová, Jarmila (Thesis advisor)
Formato: Manuscrito Livro
Idioma:eslovaco
Publicado em: 2022
Assuntos:
Acesso em linha:http://is.stuba.sk/zp/portal_zp.pl?podrobnosti=158170
Tags: Adicionar Tag
Sem tags, seja o primeiro a adicionar uma tag!

MARC

LEADER 00000ntm a22000003a 4500
001 stuzp88934
003 SK-STU
005 20220625211318.4
007 ta
008 150427s2015----xo-----f-mn---000-0-slo-d
040 |a STU  |b slo 
041 0 |a slo 
100 1 |a Jovankovič, Jana  |u 040250  |4 aut  |U FCHPT Ústav potravinárstva a výživy  |T FCHPT Oddelenie potravinárskej technológie  |X 105456  |U C0250  |Y 685  |7 105456 
242 0 1 |a Use of Plant Polyphenols in Cosmetic Emulsions  |y eng 
245 1 0 |a Využitie rastlinných polyfenolov v kozmetických emulziách 
260 |c 2022 
650 4 |a antioxidanty  |2 slo 
650 4 |a rastlinné polyfenoly  |2 slo 
650 4 |a kozmetická emulzia  |2 slo 
650 4 |a kozmetické výrobky  |2 slo 
650 4 |a polyfenolové extrakty  |2 slo 
650 4 |a cosmetic products  |2 eng 
650 4 |a antioxidants  |2 eng 
650 4 |a polyphenol extracts  |2 eng 
650 4 |a plant polyphenols  |2 eng 
650 4 |a cosmetic emulsion  |2 eng 
700 1 |a Hojerová, Jarmila  |u 040250  |k Z1  |4 ths  |U FCHPT Ústav potravinárstva a výživy  |T FCHPT Oddelenie potravinárskej technológie  |X 3324  |U C0250  |Y 685  |7 A000003324 
856 4 |u http://is.stuba.sk/zp/portal_zp.pl?podrobnosti=158170